Sommets du val d'Azun - Statistiques

Statistiques générales
  • Ce quiz a été pris 2 fois
  • Le résultat moyen est 41 sur 111
Statistiques - réponses
Altitude Nom % Correct
3144m Balaïtous
100%
2890m Gavizo-Cristail
100%
2974m Palas
100%
2633m Petit Balaïtous
100%
2676m Pic Cadier
100%
2816m Pic d'Artouste
100%
2681m Pic de Palada
100%
2771m Pic des Tourettes
100%
2267m Pic du midi d'Arrens
100%
2462m Soum de Liantran
100%
3020m Aiguille d'Ussel
50%
2254m Anquié
50%
1654m Cap d'Aout
50%
2436m Et Malh
50%
2813m Grand Barbat
50%
2692m Grand Gabizos
50%
2647m Hautafulhe
50%
2344m La Pourgadou
50%
2654m La Taillante
50%
2691m Le Courouaou
50%
1406m Le Soc
50%
2197m Monesté
50%
2724m Monné
50%
1097m Mont de Gez
50%
2442m Mont Maou
50%
1844m Omi Agut
50%
2639m Petit Gabizos
50%
1519m | 2236m | 2708m | 2785m Pic Arrouy
50%
2478m Picasse de Labassa
50%
1345m Pic d'Arragnat
50%
2769m Pic de Badescure
50%
2651m Pic de Batboucou
50%
1804m Pic de Bazès
50%
2793m Pic de Bernat-Barrau
50%
2965m Pic de Cambalès
50%
1642m Pic de Cantau
50%
2461m Pic de Clot Bédout
50%
2598m Pic de Fanlou
50%
2673m Pic de la Lie
50%
2554m Pic de Louesque
50%
2222m Pic de Mousquès
50%
2466m Pic de Palouma
50%
1461m Pic de Pan
50%
1434m Pic de Peyre
50%
2720m Pic de Pourtet
50%
2292m Pic de Sarret
50%
2723m Pic des Cristayets
50%
2462m Pic des Mongés
50%
2352m Pic du Cabaliros
50%
2701m Pic Isardé
50%
2703m Pic Maleshores
50%
2661m Pic Rouge
50%
2755m Pic Sarroa
50%
2911m Pic Soulano
50%
2358m Pique d'Aste
50%
2903m Pointe de la Défaite
50%
1805m Pointe de Surgatte
50%
2482m Sanctus
50%
2697m Ségalas
50%
2658m Sintesnères
50%
2758m Soum de Bassia
50%
1638m Soum de Berducou
50%
1616m Soum de la Pène
50%
1579m Soum de Laya
50%
2562m Soum de Linsous
50%
1465m Soum d'Ostès
50%
2690m Tilholes
50%
1571m Turon de Saucède
50%
2931m Aiguille Lamathe
0%
1345m Cap de Pène Rouye
0%
1523m Cap de Soc
0%
1408m Cap du Soc
0%
2995m Cap Peythier-Hossard
0%
2619m Géougue d'Arre
0%
2398m Grand Arroubert
0%
2556m La Carnau
0%
1809m La Tucoy
0%
2200m Le Malinat
0%
1773m Pène d'Aube
0%
2593m Pène de l'Estradère
0%
2822m Peyregnets de Cambalès
0%
2740m Peyregnets de Costalade
0%
2018m Pic Arraillé
0%
2498m Pic Berdoulet
0%
2465m Pic d'Arcoëche
0%
2403m Pic d'Arraséro
0%
2036m Pic de Habouret
0%
2791m Pic de la Peyre
0%
2565m Pic de Liou
0%
2739m Pic de Milhas
0%
1338m Pic de Prédouset
0%
2173m Pic de Ralhoun
0%
1633m Pic des Berbeillet
0%
2738m Pic d'Estibère
0%
2400m Pic Wilson
0%
2614m Pilat
0%
2586m Pique de l'Arriougrand
0%
2707m Sommet de Batcrabère
0%
2361m Soum d'Arraillérouy
0%
2626m Soum d'Arre
0%
2571m Soum de Bassia du Hoo
0%
2382m Soum de Coume Grane
0%
2185m Soum de Goury
0%
2657m Soum de Grum
0%
2244m Soum de Lat dessus
0%
2307m Soum de Picarré
0%
2201m Tuc de Labasse
0%
1564m Turon de Bène
0%
Aucun quiz correspondant
Distribution des résultats
% des personnes avec chaque résultat
Percentile par nombre de réponses
Votre historique - résultats
Vous n’avez pas pris ce quiz